000 00556nam a22001817a 4500
005 20231103064439.0
008 231103b |||||||| |||| 00| 0 eng d
020 _a0702158097
041 _aEnglish
082 _a346.6 GIB
100 _aGibson, JTR
_lEnglish
245 _aGibson : South African Mercantile and Company Law /
_cJTR Gibson
250 _aEighth Edition
260 _aCape Town :
_bJuta and Company Ltd,
_c2003
300 _blviii, 768 pages ;
_c25 cm.
650 _aLegal practice
_bLaw
942 _cBK
_6ALISON_BN_VRIES
999 _c271
_d271